000 00323nam a22001457a 4500
020 _a978-0-2412-5726-5
082 _a001
_bSUM/C
100 _aSUMMERSCALE, CLAIRE
245 _aHOW TO PLAY CHESS
260 _aDELHI
_bPENDUIN RAMDOM HOUSE
_c2016
300 _a72
520 _aCHESS PLAYING
650 _aG.K
942 _cBK
999 _c6881
_d6881